Softvérová podpora a jej efektívnosť vo vyučovaní matematických predmetov na EU

Pohľad na aktuálne využívanú softvérovú podporu vo vyučovaní matematických predmetov na Katedre matematiky Ekonomickej univerzity v Bratislave. Stručná charakteristika programových balíkov.

Gespeichert in:
Bibliographische Detailangaben
1. Verfasser: Simonka, Zsolt, 1974-
Format: Buchkapitel
Sprache:Slowakisch
Schlagworte:
Tags: Tag hinzufügen
Keine Tags, Fügen Sie das erste Tag hinzu!

MARC

LEADER 00000naa$a2200000$$$4500
001 0113088
005 20240502072245.5
041 0 |a slo 
044 |a SK 
245 1 0 |a Softvérová podpora a jej efektívnosť vo vyučovaní matematických predmetov na EU  |c Zsolt Simonka 
520 |a Pohľad na aktuálne využívanú softvérovú podporu vo vyučovaní matematických predmetov na Katedre matematiky Ekonomickej univerzity v Bratislave. Stručná charakteristika programových balíkov. 
610 2 0 |a softvér 
610 2 0 |a školy vysoké 
610 2 0 |a programy počítačové 
610 2 0 |a vyučovanie 
100 1 |a Simonka, Zsolt, 1974-